Biblioteka Instytutu Północnego w Olsztynie

Michała Wiszniewskiego Historya literatury polskiej. (Rekord nr 27518)

Szczegóły MARC
000 -Nagłówek
fixed length control field 01639cam a2200481 ia4500
001 - Nr kontrolny bibl., która utworzyła rek.
control field zz2006849872
003 - Siglum bibl., której nr kontr. jest w 001
control field NUKAT
005 - Data i czas ostatniej operacji
control field 20260410203918.0
008 - Elementy pola stałej długości
fixed length control field 060531s1840 pl |000 0 pol c
035 ## - Systemowy numer kontrolny
systemowy numer kontrolny (OCoLC)749709922
035 ## - Systemowy numer kontrolny
systemowy numer kontrolny (NUKAT)zz2006849872
040 ## - Instytucja sporządzająca opis
Instytucja, która sporządziła opis POZN U/JG
Instytucja, która sporządziła rekord POZN U/JG
Instytucja, która zmodyfikowała rekord POZN U/RD
-- POZN U/JŁs
-- WR O/KP
-- WR O/PG
041 0# - Kod nazwy języka dokumentu
Język tekstu pol
-- lat
045 2# - Okres czasu dla zawartości
czas między r. 9999 pne a nasz. czas. d0965
-- d1400
046 ## - Kod rodz. daty, data1, data2 (daty pne)
Begin/single date 1839
099 ## - Dowolny opis lokalny sygnatury
symbol klasyfikacji tn_467114
100 1# - Hasło główne-nazwa osobowa
Nazwa osobowa Wiszniewski, Michał
Daty biograficzne (1794-1865).
9 (RLIN) 39837
245 10 - Tytuł właściwy i oznaczenie odpow.
tytuł Michała Wiszniewskiego Historya literatury polskiej.
numer części/sekcji pracy T. 1-.
246 30 - Inne formy tytułu, wariant tytułu
tytuł Historya literatury polskiej
246 3# - Inne formy tytułu, wariant tytułu
tytuł Historia literatury polskiej
260 ## - Adres wydawniczy
miejsce wydania, dystrybucji itp. Kraków :
nazwa wydawcy, dystrybutora itp. nakł. autora,
data wydania, dystrybucji itp. 1840-
miejsce druku (Kraków :
nazwa drukarni Druk. S. Gieszkowskiego).
300 ## - Opis fizyczny
objętość i/lub forma materiału Wol. ;
format 22 cm.
336 ## - Content Type
Term Tekst
Code txt
Source rdacontent
337 ## - Media Type
Term Bez urządzenia pośredniczącego
Code n
Source rdamedia
338 ## - Carrier Type
Term Wolumin
Code nc
Source rdacarrier
380 ## - Form of work
Form of work Książki
388 1# - TIME PERIOD OF CREATION
Time period of creation term 1801-1900
500 ## - Uwaga ogólna
uwaga ogólna T. 9-10 nakł. Aleksandra Przeździeckiego, w Drukarni "Czasu".
510 4# - Uwaga o cytowaniu lub źródłach opisu bibliogr.
nazwa źródła Estr. XIX,
lokaliz. opracowania w źródle t. 5, s. 107
546 ## - Uwaga o języku opisywanego materiału
uwaga o języku Tekst częśc. łac.
648 #7 - SUBJECT ADDED ENTRY--CHRONOLOGICAL TERM
Chronological term 1001-1100
Source of heading or term DBN
9 (RLIN) 37677
648 #7 - SUBJECT ADDED ENTRY--CHRONOLOGICAL TERM
Chronological term 1101-1200
Source of heading or term DBN
9 (RLIN) 36862
648 #7 - SUBJECT ADDED ENTRY--CHRONOLOGICAL TERM
Chronological term 1201-1300
Source of heading or term DBN
9 (RLIN) 36031
648 #7 - SUBJECT ADDED ENTRY--CHRONOLOGICAL TERM
Chronological term 1301-1400
Source of heading or term DBN
9 (RLIN) 35871
648 #7 - SUBJECT ADDED ENTRY--CHRONOLOGICAL TERM
Chronological term 901-1000
Source of heading or term DBN
9 (RLIN) 37680
650 #7 - Hasło przedmiotowe-nazwa pospolita
nazwa pospolita lub geogr. Literatura polska
źródło hasła DBN
9 (RLIN) 34964
650 #7 - Hasło przedmiotowe-nazwa pospolita
nazwa pospolita lub geogr. Literatura polsko-łacińska
źródło hasła DBN
9 (RLIN) 39838
650 #7 - Hasło przedmiotowe-nazwa pospolita
nazwa pospolita lub geogr. Literatura polska
określnik rzeczowy historia i krytyka.
źródło hasła kaba
9 (RLIN) 351
658 ## - Nazwa określająca cel programu nauczania
główny cel programu nauczania Historia
658 ## - Nazwa określająca cel programu nauczania
główny cel programu nauczania Literaturoznawstwo
700 1# - Hasło dodatkowe - nazwa osobowa
nazwa osobowa Przezdziecki, Aleksander
daty biograficzne (1814-1871).
rodzaj współpracy Wyd.
9 (RLIN) 11777
942 ## - ADDED ENTRY ELEMENTS (KOHA)
Source of classification or shelving scheme Dewey Decimal Classification
Koha item type pozycje dostępne na miejscu
Egzemplarze
Status wycofania Status zagubienia Klasyfikacja Status uszkodzenia Blokada wypożyczeń Kolekcja Lokalizacja macierzysta Lokalizacja bieżąca Data nabycia Numer akcesji Źródło akcesji Numeracja / chronologia Nr inwentarzowy il. wypożyczeń Sygnatura Kod kreskowy Date last seen Price effective from Typ egz. Uwaga OPAC
    Dewey Decimal Classification nieuszkodzona   Pracownia Badań Księgozbiorów Historycznych Biblioteka Instytutu Północnego w Olsztynie Pracownia Badań Księgozbiorów Historycznych 10/04/2026 D-33/1963 dar T. 1.- 1840. - XVIII, 466 s. 15325/1   15325/1 IPWK23742 10/04/2026 10/04/2026 pozycje dostępne na miejscu  
    Dewey Decimal Classification nieuszkodzona   Pracownia Badań Księgozbiorów Historycznych Biblioteka Instytutu Północnego w Olsztynie Pracownia Badań Księgozbiorów Historycznych 10/04/2026 D-33/1963 dar T. 2.- 1840. - [8], XIII, 488 s. 15325/2   15325/2 IPWK23743 10/04/2026 10/04/2026 pozycje dostępne na miejscu  
    Dewey Decimal Classification nieuszkodzona   Pracownia Badań Księgozbiorów Historycznych Biblioteka Instytutu Północnego w Olsztynie Pracownia Badań Księgozbiorów Historycznych 10/04/2026 K-195/1971 kupno T. 3.- 1841. - [4], XVI, 512 s. 15325/3   15325/3 IPWK23744 10/04/2026 10/04/2026 pozycje dostępne na miejscu  
    Dewey Decimal Classification nieuszkodzona   Pracownia Badań Księgozbiorów Historycznych Biblioteka Instytutu Północnego w Olsztynie Pracownia Badań Księgozbiorów Historycznych 10/04/2026 K-156/1972 kupno T. 4.- 1842. - [6], V, 482 s. 15325/4   15325/4 IPWK23745 10/04/2026 10/04/2026 pozycje dostępne na miejscu  
    Dewey Decimal Classification nieuszkodzona   Pracownia Badań Księgozbiorów Historycznych Biblioteka Instytutu Północnego w Olsztynie Pracownia Badań Księgozbiorów Historycznych 10/04/2026 K-195/1971 kupno T. 5.- 1843. - [6], XVI, 375 s. 15325/5   15325/5 IPWK23746 10/04/2026 10/04/2026 pozycje dostępne na miejscu  
    Dewey Decimal Classification nieuszkodzona   Pracownia Badań Księgozbiorów Historycznych Biblioteka Instytutu Północnego w Olsztynie Pracownia Badań Księgozbiorów Historycznych 10/04/2026 K-195/1971 kupno T. 6.- 1844. - [6], XVI, 623 s. 15325/6   15325/6 IPWK23747 10/04/2026 10/04/2026 pozycje dostępne na miejscu  
    Dewey Decimal Classification nieuszkodzona   Pracownia Badań Księgozbiorów Historycznych Biblioteka Instytutu Północnego w Olsztynie Pracownia Badań Księgozbiorów Historycznych 10/04/2026 K-74/2006 kupno T. 8.- 1851. - [6], IV, 503 s. 15325/8   15325/8 IPWK23748 10/04/2026 10/04/2026 pozycje dostępne na miejscu Brak s. tyt.
    Dewey Decimal Classification nieuszkodzona   Pracownia Badań Księgozbiorów Historycznych Biblioteka Instytutu Północnego w Olsztynie Pracownia Badań Księgozbiorów Historycznych 10/04/2026 K-91/1989 kupno T. 9.- 1857. - [4], IV, 585 s. 15325/9   15325/9 IPWK23749 10/04/2026 10/04/2026 pozycje dostępne na miejscu  
Biblioteka Instytutu Północnego, ul. Partyzantów 87, 10-402 Olsztyn, email: biblioteka(at)ip.olsztyn.pl